[Event "Manaus op 2nd"]
[Site "Manaus"]
[Date "2023.10.12"]
[Round "3"]
[White "De Oliveira, Victor Gabriel C"]
[Black "Pereira, Adrian Ulrich Almei"]
[Result "1-0"]
[WhiteElo "2172"]
[BlackElo "1762"]
[PlyCount "51"]
[EventDate "2023.10.11"]
[EventType "swiss"]
[EventRounds "9"]
[EventCountry "BRA"]
[SourceTitle "CBM 216 Extra"]
[Source "ChessBase"]
[SourceDate "2023.11.30"]
[SourceVersion "1"]
[SourceVersionDate "2023.11.30"]
[SourceQuality "1"]

1. e4 e5 2. Nf3 Nc6 3. d4 d5 4. exd5 Qxd5 5. Nc3 Bb4 6. Bd2 Bxc3 7. bxc3 e4 8. Ng1 Nge7 9. Ne2 0-0 10. Nf4 Qf5 11. Be2 Nd5 12. Nxd5 Qxd5 13. Bf4 Be6 14. 0-0 Ne7 15. Qd2 c5 16. Be3 Rfd8 17. c4 Qc6 18. d5 Qa6 19. Bxc5 Ng6 20. Bd4 Bd7 21. Rab1 b5 22. cxb5 Qd6 23. c4 Nf4 24. Be3 Nxe2+ 25. Qxe2 Qe5 26. Rfd1 1-0

[Event "Manaus op 2nd"]
[Site "Manaus"]
[Date "2023.10.12"]
[Round "2"]
[White "Pereira, Adrian Ulrich Almei"]
[Black "Pessoa, Marcio de Souza"]
[Result "1/2-1/2"]
[WhiteElo "1762"]
[BlackElo "1856"]
[PlyCount "60"]
[EventDate "2023.10.11"]
[EventType "swiss"]
[EventRounds "9"]
[EventCountry "BRA"]
[SourceTitle "CBM 216 Extra"]
[Source "ChessBase"]
[SourceDate "2023.11.30"]
[SourceVersion "1"]
[SourceVersionDate "2023.11.30"]
[SourceQuality "1"]

1. e4 c6 2. d4 d5 3. e5 Bf5 4. Nf3 e6 5. Bd3 Bg6 6. 0-0 Ne7 7. Bg5 Qb6 8. Qd2 Qxb2 9. Nc3 Qb6 10. Rab1 Qc7 11. Ne2 Bxd3 12. Qxd3 h6 13. Bd2 Nf5 14. Ng3 g6 15. Nxf5 exf5 16. Rfe1 Bg7 17. c4 0-0 18. cxd5 cxd5 19. Qb5 Nc6 20. Qxd5 Rad8 21. Qc4 Qd7 22. e6 fxe6 23. Qxe6+ Qxe6 24. Rxe6 Kf7 25. Re3 b6 26. Rc1 Nxd4 27. Nxd4 Bxd4 28. Rc7+ Kf6 29. Rc6+ Kf7 30. Rc7+ Kf6 1/2-1/2

[Event "Manaus Expert op"]
[Site "Manaus"]
[Date "2023.09.24"]
[Round "5"]
[White "Mesquita, Raul Rabello"]
[Black "Pereira, Adrian Ulrich Almei"]
[Result "0-1"]
[WhiteElo "1794"]
[BlackElo "1712"]
[PlyCount "76"]
[EventDate "2023.09.22"]
[EventType "swiss"]
[EventRounds "5"]
[EventCountry "BRA"]
[SourceTitle "CBM 216 Extra"]
[Source "ChessBase"]
[SourceDate "2023.11.30"]
[SourceVersion "1"]
[SourceVersionDate "2023.11.30"]
[SourceQuality "1"]

1. e4 e5 2. d4 exd4 3. Bd3 Nc6 4. f4 d6 5. Nf3 Bd7 6. Nbd2 Qf6 7. Nb3 0-0-0 8. 0-0 Be6 9. f5 Bxf5 10. Bg5 Qe6 11. exf5 Qd7 12. Bxd8 Qxd8 13. Nbxd4 Nxd4 14. Nxd4 Qf6 15. Bb5 c5 16. Nb3 a6 17. Bd3 d5 18. Be2 c4 19. Nd2 Bc5+ 20. Kh1 Qxb2 21. Bg4 Nf6 22. Bh3 Re8 23. g4 h6 24. Bg2 Qd4 25. h3 Re3 26. Nf3 Qf4 27. Nh2 Ne4 28. Bxe4 Qxe4+ 29. Nf3 Re2 30. Rb1 Bd6 31. Qd4 Rh2+ 32. Kg1 Qxc2 33. Rb2 Qxb2 34. Qxb2 Rxb2 35. Nd4 Bc5 36. Rf4 c3 37. Kh1 Bxd4 38. Rf1 c2 0-1

[Event "Manaus Expert op"]
[Site "Manaus"]
[Date "2023.09.23"]
[Round "2"]
[White "Pereira, Adrian Ulrich Almei"]
[Black "De Souza, Etemberg Monteiro"]
[Result "0-1"]
[WhiteElo "1712"]
[BlackElo "1794"]
[PlyCount "56"]
[EventDate "2023.09.22"]
[EventType "swiss"]
[EventRounds "5"]
[EventCountry "BRA"]
[SourceTitle "CBM 216 Extra"]
[Source "ChessBase"]
[SourceDate "2023.11.30"]
[SourceVersion "1"]
[SourceVersionDate "2023.11.30"]
[SourceQuality "1"]

1. e4 c5 2. Nf3 g6 3. Bc4 e6 4. Nc3 Bg7 5. d4 cxd4 6. Nxd4 a6 7. 0-0 Nf6 8. Bg5 Qa5 9. f4 Qb4 10. Bxf6 Bxf6 11. Qd3 b5 12. e5 bxc4 13. Qg3 Bd8 14. a3 Qc5 15. Rad1 Bb7 16. Kh1 Nc6 17. Nde2 Nb8 18. Nd4 Qe7 19. Nf3 h5 20. Rd4 Bb6 21. Rxc4 h4 22. Qh3 Bc6 23. Nd4 Bxd4 24. Rxd4 Ra7 25. Rfd1 Rb7 26. b4 Rh5 27. Ne4 Bxe4 28. Rxe4 Rc7 0-1